[Event "Bayern-ch Seniors op 27th"]
[Site "Bergen"]
[Date "2015.06.15"]
[Round "3"]
[White "Kochseder, Georg"]
[Black "Schiessl, Werner"]
[Result "1-0"]
[WhiteElo "1871"]
[BlackElo "1388"]
[PlyCount "77"]
[EventDate "2015.06.15"]
[EventType "swiss"]
[EventRounds "9"]
[EventCountry "GER"]
[SourceTitle "EXT 2019"]
[Source "ChessBase"]
[SourceDate "2018.10.10"]
[SourceVersion "1"]
[SourceVersionDate "2018.10.10"]
[SourceQuality "1"]

1. e4 e5 2. Nf3 Nc6 3. Bc4 Nf6 4. d3 h6 5. h3 d5 6. exd5 Nxd5 7. 0-0 Be6 8. Re1 Bd6 9. Nbd2 f5 10. Nd4 Qf6 11. Nxe6 Qxe6 12. Qh5+ Ke7 13. Bxd5 Qxd5 14. Qxf5 Raf8 15. Qe4 Qf7 16. f3 Kd8 17. b3 Qd7 18. Nc4 Rf6 19. a4 Rhf8 20. Rf1 Rf4 21. Bxf4 Rxf4 22. Qe2 Be7 23. Nxe5 Nxe5 24. Qxe5 Bd6 25. Qe2 Rf5 26. d4 Qf7 27. Rae1 Qg6 28. f4 Rf8 29. Rf3 Kd7 30. Qe4 Qe8 31. Qxe8+ Rxe8 32. Rxe8 Kxe8 33. Kf2 c6 34. g4 h5 35. a5 Kf7 36. Ke3 Ke6 37. Ke4 hxg4 38. f5+ Kf6 39. hxg4 1-0

[Event "Bayern-ch Seniors 25th"]
[Site "Bergen"]
[Date "2013.06.21"]
[Round "8.13"]
[White "Flockerzi, Armin"]
[Black "Kochseder, Georg"]
[Result "0-1"]
[WhiteElo "1677"]
[BlackElo "1881"]
[PlyCount "110"]
[EventDate "2013.06.15"]
[EventType "swiss"]
[EventRounds "9"]
[EventCountry "GER"]
[SourceTitle "EXT 2022"]
[Source "ChessBase"]
[SourceDate "2021.10.06"]
[SourceVersion "1"]
[SourceVersionDate "2021.10.06"]
[SourceQuality "1"]

1. Nf3 Nf6 2. d4 d5 3. g3 g6 4. Bg2 Bg7 5. 0-0 0-0 6. Nbd2 c6 7. b3 Nbd7 8. Bb2 Rb8 9. Re1 Re8 10. c4 Nf8 11. Ne5 Be6 12. c5 Qc7 13. Qc2 N6d7 14. f4 f6 15. Nef3 f5 16. b4 a6 17. a3 Nf6 18. Ne5 Ne4 19. e3 Bxe5 20. dxe5 Qc8 21. Bd4 Kf7 22. Nf3 h6 23. Nh4 Nh7 24. Bxe4 fxe4 25. Qf2 Rf8 26. Re2 Bg4 27. Rc2 Qe6 28. Kf1 Kg8 29. Ke1 Ra8 30. Rb2 g5 31. Ng2 Bf3 32. Kd2 Qf5 33. Kc3 e6 34. Rg1 Bg4 35. Rh1 Bh3 36. Rg1 Kh8 37. Qe1 Rf7 38. Rf2 Raf8 39. Qd2 Qg6 40. Ne1 gxf4 41. Rxf4 Rxf4 42. exf4 Qf5 43. Qe2 Rg8 44. Nc2 Qf7 45. Ne3 h5 46. Qf2 Ng5 47. Rb1 Nf3 48. a4 Kh7 49. b5 axb5 50. axb5 Ra8 51. bxc6 bxc6 52. Rb3 Nxd4 53. Rb6 Nb5+ 54. Kd2 Ra2+ 55. Nc2 Na3 0-1

[Event "Bayern-ch Seniors 24nd"]
[Site "Bergen"]
[Date "2012.06.24"]
[Round "9"]
[White "Kochseder, Georg"]
[Black "Zehfuss, Helmut"]
[Result "1-0"]
[WhiteElo "1902"]
[BlackElo "1793"]
[PlyCount "81"]
[EventDate "2012.06.16"]
[EventType "swiss"]
[EventRounds "9"]
[EventCountry "GER"]
[SourceTitle "EXT 2015"]
[Source "ChessBase"]
[SourceDate "2014.11.20"]
[SourceVersion "1"]
[SourceVersionDate "2014.11.20"]
[SourceQuality "1"]

1. e4 c5 2. Nf3 d6 3. Nc3 Nf6 4. d4 cxd4 5. Nxd4 g6 6. Be3 Bg7 7. Qd2 0-0 8. f3 Nc6 9. Be2 Be6 10. 0-0 a6 11. a3 Rc8 12. f4 Nxd4 13. Bxd4 Bc4 14. Rad1 Re8 15. Bxc4 Rxc4 16. Qe2 Rxd4 17. Rxd4 Qb6 18. Qf2 Ng4 19. Rb4 Nxf2 20. Rxb6 Nh3+ 21. Kh1 Bd4 22. Rxb7 Nf2+ 23. Rxf2 Bxf2 24. Nd5 Kf8 25. c3 Ra8 26. g3 e6 27. Nb4 a5 28. Nd3 Be3 29. Kg2 a4 30. Kf3 Bg1 31. h3 Ra6 32. g4 h6 33. Nb4 Ra7 34. Rxa7 Bxa7 35. Ke2 Ke8 36. Kd3 Kd7 37. Kc4 Bc5 38. Nd3 Kc6 39. Nxc5 dxc5 40. b3 axb3 41. Kxb3 1-0

[Event "Bayern-ch Seniors 23rd"]
[Site "Bergen"]
[Date "2011.06.03"]
[Round "7"]
[White "Bauder, Herbert"]
[Black "Kochseder, Georg"]
[Result "1-0"]
[WhiteElo "1869"]
[BlackElo "1895"]
[PlyCount "49"]
[EventDate "2011.05.28"]
[EventType "swiss"]
[EventRounds "9"]
[EventCountry "GER"]
[SourceTitle "EXT 2012"]
[Source "ChessBase"]
[SourceDate "2011.11.24"]
[SourceVersion "1"]
[SourceVersionDate "2011.11.24"]
[SourceQuality "1"]

1. d4 Nf6 2. Nf3 g6 3. c4 Bg7 4. Nc3 d5 5. cxd5 Nxd5 6. e4 Nxc3 7. bxc3 c5 8. Bb5+ Bd7 9. Bxd7+ Qxd7 10. 0-0 0-0 11. Be3 cxd4 12. cxd4 Nc6 13. Qd2 e6 14. Rad1 Rfd8 15. d5 exd5 16. exd5 Ne7 17. d6 Nf5 18. Bf4 Qa4 19. d7 Qc6 20. Ne5 Bxe5 21. Bxe5 Ng7 22. Qd5 Ne6 23. Qxc6 bxc6 24. Rd6 c5 25. Rfd1 1-0

[Event "Bayern-ch Seniors 23rd"]
[Site "Bergen"]
[Date "2011.05.28"]
[Round "1"]
[White "Kochseder, Georg"]
[Black "Alefs, Heinz"]
[Result "1/2-1/2"]
[WhiteElo "1895"]
[BlackElo "1620"]
[PlyCount "50"]
[EventDate "2011.05.28"]
[EventType "swiss"]
[EventRounds "9"]
[EventCountry "GER"]
[SourceTitle "EXT 2012"]
[Source "ChessBase"]
[SourceDate "2011.11.24"]
[SourceVersion "1"]
[SourceVersionDate "2011.11.24"]
[SourceQuality "1"]

1. e4 d6 2. d4 Nf6 3. Bd3 g6 4. c3 Bg7 5. Nf3 0-0 6. h3 Nbd7 7. Be3 Re8 8. Nbd2 e5 9. 0-0 Nh5 10. Qb3 Nb6 11. a4 exd4 12. cxd4 Be6 13. Qc2 c6 14. Rad1 Nf6 15. b4 a5 16. Rb1 d5 17. e5 Nfd7 18. b5 Rc8 19. bxc6 bxc6 20. Rfc1 Bf8 21. Ng5 Ba3 22. Nxe6 Rxe6 23. Rd1 c5 24. dxc5 Nxc5 25. Bxc5 Bxc5 1/2-1/2

[Event "Bayern-ch Seniors 22nd"]
[Site "Bergen"]
[Date "2010.06.16"]
[Round "5"]
[White "Josting, Friedel"]
[Black "Kochseder, Georg"]
[Result "1-0"]
[WhiteElo "1819"]
[BlackElo "1940"]
[PlyCount "49"]
[EventDate "2010.06.12"]
[EventType "swiss"]
[EventRounds "9"]
[EventCountry "GER"]
[SourceTitle "EXT 2011"]
[Source "ChessBase"]
[SourceDate "2010.11.26"]
[SourceVersion "1"]
[SourceVersionDate "2010.11.26"]
[SourceQuality "1"]

1. d4 Nf6 2. Nf3 e6 3. Bf4 b6 4. e3 Bb7 5. Nbd2 h6 6. h3 c5 7. c3 Be7 8. Bd3 d5 9. Qe2 Nbd7 10. 0-0 0-0 11. Rad1 Qc8 12. Rc1 Re8 13. c4 Bf8 14. b4 Qd8 15. bxc5 bxc5 16. Rb1 Ba6 17. Rfc1 dxc4 18. Nxc4 Nd5 19. Bg3 N5b6 20. Nxb6 Bxd3 21. Qxd3 Nxb6 22. Qb5 cxd4 23. Nxd4 Qd5 24. Qa6 Bd6 25. Rb5 1-0

[Event "Bayern-ch Seniors 22nd"]
[Site "Bergen"]
[Date "2010.06.15"]
[Round "4"]
[White "Kochseder, Georg"]
[Black "Huhn, Ulrich"]
[Result "1/2-1/2"]
[WhiteElo "1940"]
[BlackElo "1843"]
[PlyCount "87"]
[EventDate "2010.06.12"]
[EventType "swiss"]
[EventRounds "9"]
[EventCountry "GER"]
[SourceTitle "EXT 2011"]
[Source "ChessBase"]
[SourceDate "2010.11.26"]
[SourceVersion "1"]
[SourceVersionDate "2010.11.26"]
[SourceQuality "1"]

1. e4 d5 2. exd5 Nf6 3. Nc3 Nxd5 4. Nxd5 Qxd5 5. Nf3 Bg4 6. Be2 e5 7. d3 c5 8. h3 Bf5 9. Be3 Nc6 10. 0-0 Be7 11. Nd2 Nd4 12. Bxd4 cxd4 13. Bf3 Qd7 14. Re1 f6 15. Be4 Bb4 16. c3 dxc3 17. Bxf5 Qxf5 18. Qa4+ Qd7 19. Qxb4 cxd2 20. Red1 Rc8 21. Rxd2 Rc6 22. Rad1 Qf7 23. Qb3 Qe7 24. Qa3 Qf7 25. Qb3 Qe7 26. Qa3 Rd6 27. Qa4+ Qd7 28. Qxa7 0-0 29. Qe3 Rd4 30. f3 Rc8 31. Qe2 Qc6 32. Kh1 h6 33. a3 Qa4 34. Qe1 Qb3 35. Rc1 Rcd8 36. Rc3 Qb5 37. Qc1 b6 38. Qc2 Kh8 39. Qb3 Qa5 40. Qf7 R4d7 41. Qb3 Kh7 42. Rd1 Rd4 43. Rc4 Qd5 44. Rc3 1/2-1/2

[Event "Chiemgau Seniors Cup 3th"]
[Site "Bergen"]
[Date "2007.10.24"]
[Round "3"]
[White "Reimann, Guenther"]
[Black "Kochseder, Georg"]
[Result "1/2-1/2"]
[WhiteElo "1799"]
[BlackElo "1976"]
[PlyCount "56"]
[EventDate "2007.10.22"]
[EventType "swiss"]
[EventRounds "9"]
[EventCountry "GER"]
[SourceTitle "EXT 2008"]
[Source "ChessBase"]
[SourceDate "2007.11.25"]
[SourceVersion "1"]
[SourceVersionDate "2007.11.25"]
[SourceQuality "1"]

1. c4 e5 2. d3 Nf6 3. Nf3 Nc6 4. g3 g6 5. Bg2 Bg7 6. Nbd2 0-0 7. 0-0 Rb8 8. Re1 d6 9. Rb1 a5 10. a3 Ne7 11. b4 axb4 12. axb4 b6 13. Qc2 Bb7 14. c5 b5 15. Bb2 h6 16. e4 Nc6 17. Bc3 Re8 18. Nb3 d5 19. Na5 d4 20. Nxb7 Rxb7 21. Bd2 Ra7 22. Ra1 Qa8 23. Qb2 Nd7 24. Rxa7 Qxa7 25. Ra1 Qb7 26. Qa2 Kf8 27. Nh4 Qc8 28. Bh3 Ncb8 1/2-1/2

[Event "Chiemgau Seniors Cup 3th"]
[Site "Bergen"]
[Date "2007.10.23"]
[Round "2"]
[White "Kochseder, Georg"]
[Black "Husser, Oskar"]
[Result "1/2-1/2"]
[WhiteElo "1976"]
[BlackElo "1810"]
[PlyCount "53"]
[EventDate "2007.10.22"]
[EventType "swiss"]
[EventRounds "9"]
[EventCountry "GER"]
[SourceTitle "EXT 2008"]
[Source "ChessBase"]
[SourceDate "2007.11.25"]
[SourceVersion "1"]
[SourceVersionDate "2007.11.25"]
[SourceQuality "1"]

1. e4 d5 2. exd5 Nf6 3. d4 Bg4 4. Be2 Bxe2 5. Nxe2 Qxd5 6. 0-0 Nc6 7. c3 e6 8. Bf4 Bd6 9. Bxd6 cxd6 10. Nd2 0-0 11. Ng3 Rfe8 12. Nf3 Re7 13. Re1 Rae8 14. Qc1 Qa5 15. Qd2 b5 16. a3 Qc7 17. Rad1 Na5 18. Re2 Nc4 19. Qc1 Nd5 20. Ree1 a5 21. Nh5 a4 22. Nf4 Nxf4 23. Qxf4 f6 24. h3 e5 25. dxe5 dxe5 26. Qe4 Rd8 27. Qc2 1/2-1/2

[Event "Bayern-ch Seniors 13th"]
[Site "Schloss Schney"]
[Date "2001.??.??"]
[Round "5"]
[White "Claus, Joachim"]
[Black "Kochseder, Georg"]
[Result "1/2-1/2"]
[WhiteElo "1875"]
[BlackElo "1982"]
[PlyCount "120"]
[EventDate "2001.06.??"]
[EventType "swiss"]
[EventRounds "9"]
[EventCountry "GER"]
[SourceTitle "EXT 2006"]
[Source "ChessBase"]
[SourceDate "2005.11.24"]
[SourceVersion "1"]
[SourceVersionDate "2005.11.24"]
[SourceQuality "1"]

1. e4 c5 2. d4 cxd4 3. c3 d3 4. Bxd3 d6 5. Nf3 g6 6. 0-0 Bg7 7. Qe2 Nc6 8. h3 Nf6 9. Nbd2 0-0 10. Nb3 Bd7 11. Bf4 Qc8 12. Rfe1 Re8 13. Rad1 a6 14. Qd2 Be6 15. Qc2 a5 16. Nfd4 a4 17. Nc1 Bd7 18. Bh2 h6 19. Qd2 Nh7 20. Bb1 h5 21. Nce2 a3 22. b3 Nxd4 23. cxd4 Qd8 24. Bf4 Qb6 25. Be3 Qa6 26. Qb4 b5 27. Rc1 Nf6 28. Rc7 Ra7 29. Rec1 Rxc7 30. Rxc7 Qb6 31. Rc3 Ra8 32. Bd3 Qb7 33. f3 Bf8 34. d5 Bg7 35. Rc2 Ne8 36. Bc1 Bf8 37. Bxa3 Qa7+ 38. Nd4 Qxa3 39. Qxa3 Rxa3 40. Nxb5 Ra8 41. a4 e6 42. Nd4 exd5 43. exd5 Bxa4 44. bxa4 Rxa4 45. Nb5 Nf6 46. Bc4 Rb4 47. Na7 Nd7 48. Nc6 Rb1+ 49. Kf2 Nc5 50. Na7 Nd7 51. Nc6 Nf6 52. Ke2 Bh6 53. Nd4 h4 54. Nb5 Bf4 55. Nc3 Ra1 56. Ne4 Nxe4 57. fxe4 Bg3 58. Kd3 Kg7 59. Rd2 g5 60. Kc2 Be5 1/2-1/2

[Event "Bayern-ch Seniors 13th"]
[Site "Schloss Schney"]
[Date "2001.??.??"]
[Round "4"]
[White "Kochseder, Georg"]
[Black "Fritsch, Wolfgang"]
[Result "1/2-1/2"]
[WhiteElo "1982"]
[BlackElo "1805"]
[PlyCount "57"]
[EventDate "2001.06.??"]
[EventType "swiss"]
[EventRounds "9"]
[EventCountry "GER"]
[SourceTitle "EXT 2006"]
[Source "ChessBase"]
[SourceDate "2005.11.24"]
[SourceVersion "1"]
[SourceVersionDate "2005.11.24"]
[SourceQuality "1"]

1. e4 e5 2. Nf3 Nf6 3. d3 Nc6 4. Be2 d5 5. exd5 Nxd5 6. 0-0 Be7 7. Bd2 0-0 8. Nc3 Be6 9. Nxd5 Bxd5 10. Bc3 Bd6 11. Nd2 Nd4 12. Bxd4 exd4 13. Bf3 Be6 14. Re1 c6 15. g3 Qb6 16. b3 Rfe8 17. a3 Qc7 18. Bg2 Qd7 19. b4 a5 20. Rb1 axb4 21. axb4 Bg4 22. Rxe8+ Rxe8 23. f3 Be6 24. Ne4 Bd5 25. Qd2 Qe7 26. Nxd6 Qxd6 27. Kf2 h6 28. b5 c5 29. Re1 1/2-1/2

[Event "Bayern-ch Seniors 13th"]
[Site "Schloss Schney"]
[Date "2001.??.??"]
[Round "6"]
[White "Kochseder, Georg"]
[Black "Schmidt, Wolfgang4444"]
[Result "1/2-1/2"]
[WhiteElo "1982"]
[BlackElo "1708"]
[PlyCount "79"]
[EventDate "2001.06.??"]
[EventType "swiss"]
[EventRounds "9"]
[EventCountry "GER"]
[SourceTitle "EXT 2006"]
[Source "ChessBase"]
[SourceDate "2005.11.24"]
[SourceVersion "1"]
[SourceVersionDate "2005.11.24"]
[SourceQuality "1"]

1. d4 d5 2. Nf3 Nf6 3. Bg5 e6 4. e3 Nbd7 5. Bd3 Bd6 6. Nbd2 Be7 7. 0-0 Ng8 8. Bxe7 Qxe7 9. Re1 Ngf6 10. c3 c6 11. Rc1 0-0 12. Bb1 g6 13. e4 dxe4 14. Nxe4 Nxe4 15. Bxe4 Qd8 16. Qd2 Kg7 17. Rcd1 Nf6 18. Bb1 Bd7 19. h3 Qc7 20. Re5 b6 21. b4 Rad8 22. Qc1 h6 23. Rde1 Be8 24. Nh2 Rd5 25. a3 Nd7 26. Ng4 Rh8 27. R5e2 c5 28. Ne3 Rg5 29. bxc5 bxc5 30. Qd2 Nf6 31. h4 Rh5 32. g3 Bc6 33. Rc1 Bf3 34. Ree1 g5 35. Ng2 Qb7 36. Nf4 gxf4 37. Qxf4 Bh1 38. Kf1 Bg2+ 39. Kg1 Bh1 40. Kf1 1/2-1/2

[Event "Bayern-ch Seniors 12th"]
[Site "Schloss Schney"]
[Date "2000.??.??"]
[Round "4"]
[White "Kochseder, Georg"]
[Black "Voigt, Udo"]
[Result "1-0"]
[WhiteElo "1993"]
[BlackElo "1672"]
[PlyCount "85"]
[EventDate "2000.11.02"]
[EventType "swiss"]
[EventRounds "9"]
[EventCountry "GER"]
[SourceTitle "EXT 2002"]
[Source "ChessBase"]
[SourceDate "2001.11.25"]
[SourceVersion "1"]
[SourceVersionDate "2001.11.25"]
[SourceQuality "1"]

1. e4 c5 2. Nf3 Nc6 3. d4 cxd4 4. Nxd4 e6 5. Be3 a6 6. Bd3 Qc7 7. 0-0 d6 8. Nd2 Nf6 9. h3 Be7 10. Qe2 0-0 11. f4 Bd7 12. a3 Rac8 13. Rae1 b5 14. Qf2 Rb8 15. Nxc6 Bxc6 16. c3 Rbd8 17. Bb6 Qb7 18. Bxd8 Bxd8 19. Kh1 h6 20. Qe2 Nd7 21. Bc2 e5 22. fxe5 Nxe5 23. Nf3 Bf6 24. Nd4 Bd7 25. Nf5 Bxf5 26. Rxf5 Ng6 27. Bb3 Be5 28. Ref1 Bf6 29. Bd5 Qd7 30. Qh5 Kh7 31. R1f3 Qe7 32. Rf1 Qd7 33. R5f3 Re8 34. Rf5 Rf8 35. Qd1 Ne7 36. R5f3 Ng6 37. Qc2 Ne5 38. Rf5 Re8 39. Qd2 Rc8 40. Rxf6 gxf6 41. Rxf6 Qc7 42. Qxh6+ Kg8 43. Rf5 1-0